आधुनिक सरकारें / (Record no. 120929)

MARC details
000 -LEADER
fixed length control field 01210nam a22002537a 4500
005 - DATE AND TIME OF LATEST TRANSACTION
control field 20170124103205.0
010 ## - LIBRARY OF CONGRESS CONTROL NUMBER
LC control number B-076764
020 ## - INTERNATIONAL STANDARD BOOK NUMBER
Terms of availability 60.00
035 ## - SYSTEM CONTROL NUMBER
System control number B-076764
037 ## - SOURCE OF ACQUISITION
Source of stock number/acquisition Cen Lib/Ret
040 ## - CATALOGING SOURCE
Original cataloging agency DPL
Language of cataloging HN
082 ## - DEWEY DECIMAL CLASSIFICATION NUMBER
Classification number 342.02
Item number तिवारी
100 ## - MAIN ENTRY--PERSONAL NAME
Personal name तिवारी, कैलाश कान्त
9 (RLIN) 93433
245 ## - TITLE STATEMENT
Title आधुनिक सरकारें /
Statement of responsibility, etc कैलाश कान्त तिवारी
246 ## - VARYING FORM OF TITLE
Title proper/short title Adhunik sarkaren /
Remainder of title by Kailash Kant Tiwari
260 ## - PUBLICATION, DISTRIBUTION, ETC. (IMPRINT)
Place of publication, distribution, etc भोपाल
Name of publisher, distributor, etc मध्यप्रदेश हिन्दी ग्रन्थ अकादमी
Date of publication, distribution, etc 2002
270 ## - ADDRESS
City भोपाल
Address रवीन्द्रनाथ ठाकुर मार्ग, बाणगंगा
Postal code 462 003
300 ## - PHYSICAL DESCRIPTION
Extent 310पृ.
Dimensions 22सेमी(सजिल्द)
650 ## - SUBJECT ADDED ENTRY--TOPICAL TERM
Topical term or geographic name as entry element संविधान -- विकास एवं स्त्रोत
9 (RLIN) 85763
650 ## - SUBJECT ADDED ENTRY--TOPICAL TERM
Topical term or geographic name as entry element संविधान -- संयुक्त राज्य अमेरिका
9 (RLIN) 93434
650 ## - SUBJECT ADDED ENTRY--TOPICAL TERM
Topical term or geographic name as entry element Constitution - Development & resources
9 (RLIN) 93435
650 ## - SUBJECT ADDED ENTRY--TOPICAL TERM
Topical term or geographic name as entry element Constitution - USA
9 (RLIN) 93436
942 ## - ADDED ENTRY ELEMENTS (KOHA)
Source of classification or shelving scheme Dewey Decimal Classification
Koha item type Hindi Books
Classification part 342.02
Call number suffix तिवारी
Holdings
Withdrawn status Lost status Damaged status Not for loan Home library Current library Date acquired Source of acquisition Cost, normal purchase price Total Checkouts Full call number Barcode Date last seen Copy number Cost, replacement price Price effective from Koha item type
        Central Library Central Library 29/09/2015 Cen Lib/Ret 60.00   342.02 तिवारी B-076764 29/09/2015 1 60.00 29/09/2015 Hindi Books

© Delhi Public Library
Hit Counter
free hit counter